[Event "World Youth U16 Olympiad 2012"]
[Site "Istanbul TUR"]
[Date "2012.08.31"]
[Round "4.5"]
[White "Cuellar,Di"]
[Black "Beradze,I"]
[Result "0-1"]
[WhiteElo "2273"]
[BlackElo "2331"]

1.e4 c5 2.Nf3 e6 3.d4 cxd4 4.Nxd4 Nc6 5.Nb5 d6 6.c4 a6 7.N5c3 Nf6 8.Be2 Be7
9.O-O O-O 10.Be3 b6 11.Na3 Bb7 12.Qd2 Qc7 13.Rac1 Rac8 14.f3 Ba8 15.Nd5 exd5
16.cxd5 b5 17.dxc6 Bxc6 18.Nc2 Qb8 19.Bd4 Bd7 20.Qa5 Qb7 21.Nb4 Nxe4 22.Qxa6 Qxa6
23.Nxa6 Nc5 24.Nb4 Rfe8 25.Kf2 Bg5 26.Rcd1 Ne6 27.Bc3 Nf4 28.Rfe1 Nxe2 29.Rxe2 Rxe2+
30.Kxe2 Re8+ 31.Kf1 Bf4 32.Kg1 Be3+ 33.Kh1 Re6 34.Nc2 Bf2 35.Bd4 Re2 36.Bxf2 Rxf2
37.Rc1 h5 38.Kg1 Rd2 39.b3 h4 40.Nb4 h3 41.Rc2 Rd4 42.a3 Rd1+ 43.Kf2 Rb1
44.g4 Rxb3 45.Rd2 Rxa3 46.Rxd6 Be6 47.Nc6 Kh7 48.Nd4 Bc4 49.Kg3 Rd3 50.Nf5 b4
51.Rxd3 Bxd3 52.Ne3 Be2 53.Nc2 b3 54.Na3 b2 55.f4 Bf1 56.Nb1 Bd3 57.Nd2 b1=R
58.Nxb1 Bxb1 59.Kxh3 f5 60.Kh4 fxg4 61.Kg5 g6 62.Kxg4 Kh6 63.Kh4 Bf5 64.Kg3 Kh5
65.Kf3 Kh4 66.Kg2 Kg4 67.Kf2 Kxf4 68.Kg2 Kg4 69.Kh1 Kh3  0-1

[Event "TCh-SRB Prem 2012"]
[Site "Valjevo SRB"]
[Date "2012.09.25"]
[Round "9.5"]
[White "Marjanovic,Slavo"]
[Black "Andrejic,V"]
[Result "1-0"]
[WhiteElo "2465"]
[BlackElo "2195"]

1.e4 c5 2.Nf3 e6 3.d4 cxd4 4.Nxd4 Nc6 5.Nb5 d6 6.Bf4 e5 7.Be3 a6 8.N5c3 Nf6
9.Bg5 Be7 10.Bxf6 Bxf6 11.Nd2 Be6 12.Nc4 Nd4 13.Ne3 Bg5 14.Bd3 O-O 15.O-O g6
16.Ncd5 Bxd5 17.Nxd5 Rc8 18.c3 Ne6 19.Bc2 Nf4 20.Ne3 Ne6 21.Re1 Bxe3 22.Rxe3 Qe7
23.Qg4 Rfd8 24.Rd1 Rc7 25.Bb3 Kh8 26.Rd2 Ng7 27.Rh3 b5 28.a3 Nh5 29.Qd1 Nf4
30.Re3 Rcd7 31.g3 Ne6 32.Bxe6 fxe6 33.Red3 Kg7 34.Kg2 Kh8 35.a4 Kg7 36.h4 h6
37.Kg1 Kh7 38.Kh2 Kg7 39.axb5 axb5 40.b3 Kh7 41.c4 bxc4 42.bxc4 Qf8 43.Kg2 Rf7
44.f3 Rc8 45.Rxd6 Rxc4 46.Rd7 Rc7 47.Rxc7 Rxc7 48.Rd7+ Rxd7 49.Qxd7+ Qg7
50.Qxe6 h5 51.Qd6 Qf7 52.Qxe5 Qa2+ 53.Kf1 Qc4+ 54.Kf2 Qc2+ 55.Ke3 Qc1+ 56.Kd3 Qd1+
57.Kc4 Qxf3 58.Kc5 Qa3+ 59.Kc6 Qa6+ 60.Kd7 Qb7+ 61.Kd8 Qa8+ 62.Ke7 Qa7+ 63.Ke8 Qa4+
64.Kf8 Qa8+ 65.Qe8 Qa1 66.e5 Kh6 67.Kg8 Qa2+ 68.Kh8 g5 69.Qc6+  1-0

[Event "30th Balaton IM"]
[Site "Heviz HUN"]
[Date "2012.09.30"]
[Round "8.5"]
[White "Izso,D"]
[Black "Titz,Hei"]
[Result "1-0"]
[WhiteElo "2322"]
[BlackElo "2168"]

1.e4 c5 2.Nf3 e6 3.d4 cxd4 4.Nxd4 Nc6 5.Nb5 d6 6.c4 a6 7.N5c3 Nf6 8.Be2 Be7
9.O-O O-O 10.Na3 b6 11.Be3 Bb7 12.f3 Nd7 13.Rc1 Qb8 14.Qe1 Bd8 15.Qf2 Bc7
16.Kh1 Qd8 17.Rfd1 Qe7 18.Nd5 Qd8 19.Nxc7 Qxc7 20.Nb1 Rac8 21.a3 f5 22.exf5 exf5
23.Bf4 Nce5 24.b4 Rfe8 25.Bf1 Nf6 26.Nc3 h6 27.Na4 Nfd7 28.Be3 Rb8 29.Nxb6 Bxf3
30.Nxd7 Ng4 31.Qxf3 Qxd7 32.Bg1  1-0

[Event "TATA 50th ch-IND National Premier"]
[Site "Kolkata IND"]
[Date "2012.10.04"]
[Round "4.15"]
[White "G.,A"]
[Black "Rajesh,VA"]
[Result "1-0"]
[WhiteElo "2343"]
[BlackElo "2395"]

1.e4 c5 2.Nf3 e6 3.d4 cxd4 4.Nxd4 Nc6 5.Nb5 d6 6.c4 a6 7.N5c3 Nf6 8.Be3 Be7
9.Be2 O-O 10.O-O b6 11.Na3 Bb7 12.f3 Re8 13.Qb3 Nd7 14.Rfd1 Rc8 15.Qc2 d5
16.exd5 exd5 17.Nxd5 Nb4 18.Nxb4 Bxb4 19.Bf2 Qe7 20.Bd3 g6 21.Bd4 Ne5 22.Qf2 Qg5
23.Be2 Bxa3 24.bxa3 Nxc4 25.Rac1 b5 26.a4 Qe7 27.Bf1 Qe6 28.axb5 axb5 29.a4 Ba6
30.axb5 Bxb5 31.Re1 Qd5 32.Ba1 Rxe1 33.Rxe1 Re8 34.Rc1 f6 35.Bxf6 Ne3 36.Bxb5 Qxb5
37.Ba1 Qd5 38.Qb2  1-0

[Event "TCh-CZE Div1 Vychod 2012-13"]
[Site "Czech Republic CZE"]
[Date "2012.10.21"]
[Round "1.1"]
[White "Velicka,P"]
[Black "Cvek,R"]
[Result "1/2-1/2"]
[WhiteElo "2469"]
[BlackElo "2540"]

1.e4 c5 2.Nf3 e6 3.d4 cxd4 4.Nxd4 Nc6 5.Nb5 d6 6.c4 Nf6 7.N1c3 a6 8.Nd4 Be7
9.Be2 O-O 10.O-O Bd7 11.Be3 Rb8 12.a3 b5 13.cxb5 Nxd4 14.Bxd4 axb5 15.Bxf6 gxf6
16.b4 Qb6 17.Qd2 Rfc8 18.Rfc1 Rc7 19.Na2 Rbc8 20.Rxc7 Rxc7 21.Rc1 Rxc1+ 22.Qxc1 f5
23.exf5 Bf6 24.fxe6 Bxe6 25.Qf4 Qd4 26.Qxd4 Bxd4 27.Nc1 Bb2 28.Nd3 Bxa3 29.Nf4 Ba2
30.Bxb5 Bxb4 31.Bc6 Bd2 32.Bd5 Bxf4  1/2-1/2

[Event "Vizag GM Open 2012"]
[Site "Visakhapatnam IND"]
[Date "2012.10.26"]
[Round "1.12"]
[White "Sandhya,G"]
[Black "Ashwin,J"]
[Result "0-1"]
[WhiteElo "1769"]
[BlackElo "2480"]

1.e4 c5 2.Nf3 e6 3.d4 cxd4 4.Nxd4 Nc6 5.Nb5 d6 6.c4 Nf6 7.N1c3 a6 8.Na3 Be7
9.Be2 O-O 10.O-O b6 11.Be3 Bb7 12.f3 Qc7 13.Qe1 Ne5 14.Qf2 Ned7 15.Rad1 Rfe8
16.Rd2 d5 17.exd5 Bd6 18.f4 exd5 19.Kh1 Bxa3 20.bxa3 dxc4 21.a4 Bc6 22.Rb2 Rab8
23.Rfb1 Ne4 24.Nxe4 Rxe4 25.Bg4 Bxa4 26.Bxd7 Qxd7 27.Rxb6 Rbe8 28.Rb7 Qd3
29.Bc5 c3 30.Qg3 Qxg3 31.hxg3 c2 32.Rg1 R4e6 33.Rb6 Rxb6 34.Bxb6 Re6 35.Bd8 Rd6
36.Be7 Rh6+ 37.Bh4 g5 38.fxg5 Rc6 39.Rc1 Rd6  0-1

[Event "TCh-NOR Eliteserien 2012-13"]
[Site "Haraldsheim NOR"]
[Date "2012.11.02"]
[Round "6"]
[White "Runde,Ha"]
[Black "Laverton,C"]
[Result "1-0"]
[WhiteElo "2037"]
[BlackElo "2096"]

1.e4 c5 2.Nf3 e6 3.d4 cxd4 4.Nxd4 Nc6 5.Nb5 d6 6.c4 Nf6 7.N1c3 a6 8.Na3 Be7
9.Be2 O-O 10.O-O b6 11.Re1 Bb7 12.Bf4 Qc7 13.Rc1 Ne5 14.Bf1 Rac8 15.Rc2 Qb8
16.f3 Bd8 17.Rd2 Bc7 18.Bxe5 dxe5 19.g4 Rfd8 20.b4 Rxd2 21.Qxd2 Rd8 22.Qc1 Bd6
23.Nc2 Rd7 24.Rd1 Qd8 25.Be2 Qe7 26.a3 Bc6 27.Qe3 Bc7 28.Rxd7 Nxd7 29.Kg2 Bd8
30.c5 bxc5 31.Bxa6 cxb4 32.axb4 Bb6 33.Qd2 Nb8 34.Bc4 Qd7 35.Qxd7 Nxd7 36.Bb5 Bxb5
37.Nxb5 Kf8 38.Kf1 Nb8 39.Ke2 Ke7 40.Nba3 Bg1 41.h3 Nc6 42.Kd3 Kd7 43.Nc4 f6
44.b5 Ne7 45.h4 Nc8 46.h5 Na7 47.N2a3 Bc5 48.Kc3 Kc7 49.Kb3 Bd4 50.Kb4 Nc8
51.Ka5 Kb7 52.Nc2 Bc5 53.Nb4 Nb6 54.Nxb6 Bxb6+ 55.Ka4 Bc7 56.Nc6 Kb6 57.Kb4 g6
58.hxg6 hxg6 59.Kc4 f5 60.Ne7 fxg4 61.fxg4 g5 62.Nc6 Bd6 63.Nd8 Bc5 64.Nxe6 Be3
65.Nf8 Kc7 66.Kd5 Kb6 67.Nd7+ Kxb5 68.Nxe5 Bf4 69.Nd7 Bc7 70.e5 Kb4 71.Nf6 Bd8
72.Kd6 Kc4 73.Kd7 Kd4 74.Kxd8 Kxe5 75.Ke7 Kf4 76.Kf7  1-0

[Event "WY BU14 2012"]
[Site "Maribor SLO"]
[Date "2012.11.08"]
[Round "1.30"]
[White "Mayed,Al-Rashedi"]
[Black "Saiyn,Z"]
[Result "0-1"]
[WhiteElo "1777"]
[BlackElo "2197"]

1.e4 c5 2.Nf3 Nc6 3.d4 cxd4 4.Nxd4 e6 5.Nb5 d6 6.N1c3 a6 7.Nd4 Nf6 8.Be3 Be7
9.Be2 Bd7 10.Qd2 b5 11.a3 Ne5 12.Nf3 Qc7 13.O-O O-O 14.Rad1 Rfc8 15.Bg5 Bc6
16.Qd4 Ng6 17.Rfe1 h6 18.Bc1 Rab8 19.Bf1 a5 20.b4 axb4 21.axb4 Ne5 22.Nd2 Be8
23.Ndb1 Nc6 24.Qd2 Nxb4 25.Bb2 Na6 26.Na3 Qc5 27.Ncxb5 Bxb5 28.Nxb5 Rxb5
29.Bxb5 Qxb5 30.Bxf6 Bxf6  0-1

[Event "WY GU18 2012"]
[Site "Maribor SLO"]
[Date "2012.11.10"]
[Round "3"]
[White "Sop,S"]
[Black "Arabidze,M"]
[Result "0-1"]
[WhiteElo "2038"]
[BlackElo "2391"]

1.e4 c5 2.Nf3 e6 3.d4 cxd4 4.Nxd4 Nc6 5.Nb5 d6 6.Bf4 e5 7.Be3 Nf6 8.Bg5 a6
9.N5c3 Be7 10.Bxf6 Bxf6 11.Nd2 b5 12.a4 b4 13.Nd5 Bg5 14.Nc4 Rb8 15.a5 Nd4
16.Ncb6 Bg4 17.Qxg4 Nxc2+ 18.Kd1 Nxa1 19.Bxa6 O-O 20.h4 Bh6 21.Qd7 Nb3 22.Ne7+ Kh8
23.Qxd8 Rfxd8 24.Nc6 Nxa5 25.Nxd8 Rxd8 26.Ke2 g6 27.Kd3 Nb3 28.Kc4 Nc5 29.Bb5 Nxe4
30.f3 d5+ 31.Kxb4 Bf8+ 32.Ka5 Nc5 33.Bc6 d4 34.b4 Nd3 35.Nd5 Nb2 36.Rb1 Nc4+
37.Ka6 d3 38.b5 Rd6 39.Kb7 Na5+ 40.Kb6 Nxc6 41.bxc6 Rxd5 42.c7 Rc5 43.Kb7 f5
44.Re1 d2 45.Rd1 Bh6 46.c8=Q+ Rxc8 47.Kxc8 e4 48.g4 e3 49.g5 Bf8  0-1

[Event "WY GU16 2012"]
[Site "Maribor SLO"]
[Date "2012.11.11"]
[Round "4.15"]
[White "Cemhan,K"]
[Black "Beshukova,Ekaterina"]
[Result "1-0"]
[WhiteElo "2037"]
[BlackElo "1878"]

1.e4 c5 2.Nf3 e6 3.d4 cxd4 4.Nxd4 Nc6 5.Nb5 d6 6.c4 a6 7.N5c3 Nf6 8.Be2 Be7
9.Be3 Qc7 10.O-O O-O 11.Qd2 b6 12.Na3 Bb7 13.f3 Nb8 14.Rac1 Nbd7 15.Rfd1 Rac8
16.Bf1 Rfe8 17.Qf2 Bd8 18.Kh1 Qb8 19.Nc2 Bc7 20.g3 Qa8 21.Bg2 Ne5 22.b3 d5
23.exd5 exd5 24.Nxd5 Nxd5 25.cxd5 Bxd5 26.Rxd5 Qxd5 27.f4 Qd6 28.fxe5 Qxe5
29.Rf1 Re7 30.Bd4 Qd6 31.Bb2 Qg6 32.Ne3 Be5 33.Bxe5 Rxe5 34.Nc4 Re7 35.Bd5 Rcc7
36.Qf4 Qd3 37.Nxb6 Kf8 38.Bc4 Qe4+ 39.Qxe4 Rxe4 40.Bxa6 Re6 41.Nd5 Rc2 42.Bc4 Rd6
43.Ne3  1-0

[Event "WY BU14 2012"]
[Site "Maribor SLO"]
[Date "2012.11.12"]
[Round "6.46"]
[White "Mamyrbay,Assad"]
[Black "Rohrer,Christophe"]
[Result "1-0"]
[WhiteElo "1590"]
[BlackElo "1976"]

1.e4 c5 2.Nf3 e6 3.d4 cxd4 4.Nxd4 Nc6 5.Nb5 d6 6.Bf4 e5 7.Be3 Nf6 8.Bg5 a6
9.N5c3 Be7 10.Bxf6 Bxf6 11.Nd5 Nd4 12.g3 h5 13.Bg2 h4 14.O-O Be6 15.Nbc3 Rc8
16.Ne3 Qd7 17.Re1 hxg3 18.hxg3 Bg5 19.f4 Bf6 20.f5 Bc4 21.Nb1 a5 22.c3 Qb5
23.Na3 Qxb2 24.Naxc4 Rxc4 25.Nxc4 Qxc3 26.Qa4+ b5 27.Nxd6+ Kf8 28.Nxb5 Qxg3
29.Qa3+ Qxa3 30.Nxa3 Be7 31.Rab1 g5 32.Rb8+ Kg7 33.Rxh8 Kxh8 34.Nc4 Bc5 35.Kh2 f6
36.Rb1 a4 37.Rb8+ Kg7 38.Ra8 Ne2 39.Rxa4 g4 40.Ra8 Kh6  1-0

[Event "WY GU16 2012"]
[Site "Maribor SLO"]
[Date "2012.11.15"]
[Round "8.13"]
[White "Cemhan,K"]
[Black "Gu,T"]
[Result "1-0"]
[WhiteElo "2037"]
[BlackElo "1889"]

1.e4 c5 2.Nf3 e6 3.d4 cxd4 4.Nxd4 Nc6 5.Nb5 d6 6.c4 Nf6 7.N1c3 a6 8.Na3 Be7
9.Be2 O-O 10.O-O b6 11.Be3 Bb7 12.Rc1 Rc8 13.f3 Ne5 14.Qd4 Nfd7 15.Rfd1 Qc7
16.Kh1 Rfd8 17.f4 Ng6 18.Qd2 Qb8 19.Bd3 Nc5 20.Qf2 Qa8 21.Bb1 a5 22.Nab5 Qb8
23.b3 Nh4 24.Kg1 Ba8 25.Bc2 Ng6 26.a3 Nd7 27.Kh1 Bc6 28.Rd2 Bh4 29.Qf1 Bf6
30.Rcd1 Nc5 31.b4 axb4 32.axb4 Na6 33.Rb1 Nc7 34.Qg1 Nxb5 35.Nxb5 Rd7 36.Qd1 Rcd8
37.Nd4 Bxd4 38.Rxd4 Nxf4 39.Bxf4 e5 40.Rd2 exf4 41.Qg4 Re8 42.b5 f5 43.exf5 Rde7
44.h3 Bd7 45.Qxf4 Re5 46.Rf1 Rf8 47.Qd4 Rf6 48.Rdf2 Qb7 49.Rf4 Qc7 50.Be4 h6
51.g4 Rf8 52.Bd5+ Kh8 53.f6 gxf6 54.Rxf6  1-0

[Event "11th Kheireddine Ameyar Mem 2012"]
[Site "Algiers ALG"]
[Date "2012.11.17"]
[Round "4.10"]
[White "Meftahi,Houssem"]
[Black "Zaibi,A"]
[Result "0-1"]
[WhiteElo "2002"]
[BlackElo "2271"]

1.e4 c5 2.Nf3 e6 3.d4 cxd4 4.Nxd4 Nc6 5.Nb5 Nf6 6.N1c3 Bb4 7.Bg5 O-O 8.Be2 a6
9.Nd4 Qa5 10.Nxc6 Bxc3+ 11.bxc3 Qxg5 12.Ne7+ Kh8 13.O-O Nxe4 14.Nxc8 Nxc3
15.Qe1 Nxe2+ 16.Qxe2 Raxc8 17.Rab1 b5 18.a4 bxa4 19.Qxa6 Qf4 20.Qb5 d5 21.Rb4 Qf5
22.c4 Rxc4 23.Rxc4 dxc4 24.Qxc4 Ra8 25.Ra1 Qa5 26.Qd4 a3 27.h3 a2 28.Qb2 e5
29.Qc2  0-1

[Event "Plzen Open 2012"]
[Site "Plzen CZE"]
[Date "2012.11.20"]
[Round "3"]
[White "Vykouk,Jan"]
[Black "Jurek,J"]
[Result "0-1"]
[WhiteElo "1962"]
[BlackElo "2318"]

1.e4 c5 2.Nf3 e6 3.d4 cxd4 4.Nxd4 Nc6 5.Nb5 d6 6.c4 Nf6 7.N1c3 a6 8.Na3 b6
9.Be3 Bb7 10.f3 Be7 11.Be2 O-O 12.O-O Nb8 13.Rc1 Nbd7 14.Nc2 Rc8 15.Bf2 Qc7
16.Ne3 Rfe8 17.Qd2 Qb8 18.Rfd1 Nh5 19.Bf1 Ne5 20.Be2 Red8 21.Qe1 Nf4 22.Rd2 Bg5
23.Rcd1 Nxe2+ 24.Qxe2 Bxe3 25.Bxe3 Nxc4 26.Rd4 Qc7 27.Bf2 b5 28.a3 Nxa3 29.bxa3 Qxc3
30.Bh4 Rd7 31.Qf2 Qxa3 32.Qg3 d5 33.Bf6 Qe3+ 34.Kf1 Qh6 35.e5 Rc4 36.Rxc4 bxc4
37.Rd4 Kf8 38.Rh4 Qc1+ 39.Ke2 gxf6 40.exf6 Qb2+ 41.Kd1 Qxf6 42.Rxh7 Qd4+  0-1

[Event "TCh-SVK Extraliga 2012-13"]
[Site "Slovakia SVK"]
[Date "2012.11.24"]
[Round "3.2"]
[White "Varga,Dav"]
[Black "Lisko,F"]
[Result "1-0"]
[WhiteElo "2289"]
[BlackElo "2253"]

1.e4 c5 2.Nf3 e6 3.d4 cxd4 4.Nxd4 Nc6 5.Nb5 d6 6.c4 Nf6 7.N1c3 a6 8.Na3 b6
9.Be3 Bb7 10.Qb3 Nd7 11.Rd1 Be7 12.f3 Rb8 13.Be2 O-O 14.O-O Re8 15.Rd2 Qc7
16.Rc1 Nce5 17.Qd1 Rbd8 18.f4 Ng6 19.Qf1 Ba8 20.Qf2 Qc6 21.g3 Nc5 22.Bf3 f5
23.Bg2 Nxe4 24.Nxe4 fxe4 25.Bxb6 Rb8 26.Bd4 e5 27.Ba7 exf4 28.gxf4 Rb4 29.b3 Rf8
30.Nc2 Rb7 31.Be3 Bh4 32.Qf1 Rbf7 33.Nd4 Qc5 34.f5 Qe5 35.Qe2 Ne7 36.Qg4 Bf6
37.Rf1 Kh8 38.Ne6 Rg8 39.Kh1 Qc3 40.Qh3 d5 41.cxd5 Nxd5 42.Re2 Qd3 43.Rfe1 Nc3
44.Nf4 Rd8 45.Nxd3 exd3 46.Rd2 Ne4 47.Bb6 Re7 48.Rxd3 Rde8 49.Rf1 Bg5 50.Kg1 h6
51.Bd8 Re5 52.f6 gxf6 53.Bxe4  1-0

[Event "ch-IRI 2012"]
[Site "Zahedan IRI"]
[Date "2012.12.10"]
[Round "6.8"]
[White "Khamisi,S"]
[Black "Hosseinzadeh,N"]
[Result "0-1"]
[WhiteElo "2167"]
[BlackElo "2250"]

1.e4 c5 2.Nf3 e6 3.d4 cxd4 4.Nxd4 Nc6 5.Nb5 d6 6.c4 Nf6 7.N1c3 a6 8.Nd4 Be7
9.Be2 O-O 10.O-O Qc7 11.Be3 Ne5 12.Rc1 b6 13.f3 Bb7 14.Qd2 Rac8 15.Rfd1 Rfe8
16.Na4 Ned7 17.b4 Qb8 18.a3 d5 19.cxd5 exd5 20.Rxc8 Qxc8 21.e5 Nxe5 22.Nxb6 Qb8
23.Nb3 Bd6 24.Na5 Ng6 25.Nxb7 Bxh2+ 26.Kh1 Nh5 27.f4 Ngxf4 28.Bxh5 Nxh5 29.Bf2 Ng3+
30.Bxg3 Bxg3 31.Qxd5 Qf4 32.Qh5 Qf2 33.Qc5 Re1+ 34.Rxe1 Qxe1+ 35.Qg1 Qd2  0-1

[Event "TCh-NED Meesterklasse 2012-13"]
[Site "Netherland NED"]
[Date "2012.12.15"]
[Round "5.4"]
[White "Admiraal,M"]
[Black "Haast,A"]
[Result "0-1"]
[WhiteElo "2293"]
[BlackElo "2235"]

1.e4 c5 2.Nf3 e6 3.d4 cxd4 4.Nxd4 Nc6 5.Nb5 d6 6.c4 a6 7.N5c3 Nf6 8.Be2 Be7
9.O-O O-O 10.Be3 Ne5 11.f3 Qc7 12.Nd2 b6 13.Rc1 Bb7 14.Kh1 Rac8 15.Qb3 Ned7
16.Rfd1 Rfe8 17.Nf1 Nc5 18.Qc2 Qb8 19.Qd2 Ncd7 20.Bg1 Qa8 21.Na4 Rc6 22.Ne3 Bd8
23.Nc3 h6 24.Nc2 Ne5 25.b3 d5 26.Bd4 Qb8 27.f4 Ng6 28.Bxf6 Bxf6 29.e5 Nxe5
30.fxe5 Bg5 31.Qd4 Bxc1 32.Rxc1 dxc4 33.bxc4 Rc5 34.Qd6 Qa8 35.Bf1 Rd8 36.Qxb6 Rxe5
37.Qf2 Rf5 38.Qe2 Qa7 39.Nd1 Qc5 40.Nde3 Re5 41.Qf2 Qa5 42.Qf4 Re4 43.Qg3 f5
44.Qg6 Bc6 45.Nxf5 Qxf5 46.Qxf5 exf5 47.Nb4 Bb7 48.Nd3 Red4 49.Nc5 Rd1 50.Rxd1 Rxd1
51.Kg1 Be4 52.a4 a5 53.Kf2 Ra1 54.g4 Ra2+ 55.Ke3 Rxh2 56.gxf5 Bxf5 57.Nb7 Ra2
58.Nxa5 Rxa4 59.Nc6 Be6 60.c5 h5 61.Nd4 Bc8 62.c6 h4 63.Nb5 h3 64.Nd6 h2
65.Bg2 Be6 66.c7 Ra1 67.Bd5 Kh7 68.Bxe6 h1=Q 69.c8=Q Ra3+ 70.Kd4 Qg1+ 71.Kd5 Ra5+
72.Kc4 Qc1+ 73.Kb4 Qa3+ 74.Kc4 Qxd6 75.Bf5+ Kh6 76.Qh8+ Kg5 77.Qxg7+ Kxf5
78.Qh7+ Qg6  0-1

[Event "XLII Rilton Cup"]
[Site "Stockholm SWE"]
[Date "2013.01.01"]
[Round "5.24"]
[White "Mikalsen,E"]
[Black "Dimitrijevic,R"]
[Result "0-1"]
[WhiteElo "2074"]
[BlackElo "2293"]

1.e4 c5 2.Ne2 Nc6 3.d4 cxd4 4.Nxd4 e6 5.Nb5 d6 6.Bf4 e5 7.Be3 a6 8.N5c3 Nf6
9.Bg5 Be7 10.Bxf6 Bxf6 11.Bc4 Be6 12.Nd5 Bxd5 13.Bxd5 O-O 14.O-O Bg5 15.Nc3 Kh8
16.Qd3 Qd7 17.a3 g6 18.Rad1 Ne7 19.Bb3 Rad8 20.Qg3 Bh6 21.Rd3 f5 22.Rfd1 Qc7
23.Qh4 Bg7 24.Rh3 h6 25.Qg5 Kh7 26.Rdd3 fxe4 27.Nxe4 d5 28.Nc3 e4 29.Nxd5 Nxd5
30.Rxd5 Rxd5 31.Bxd5 Qxc2  0-1

[Event "Australian Open 2013"]
[Site "Cammeray AUS"]
[Date "2013.01.04"]
[Round "3.20"]
[White "Smirnov,Ant"]
[Black "Deen Cowell,N"]
[Result "1-0"]
[WhiteElo "2207"]
[BlackElo "1904"]

1.e4 c5 2.Nf3 e6 3.d4 cxd4 4.Nxd4 Nc6 5.Nb5 d6 6.c4 Nf6 7.N1c3 a6 8.Na3 b6
9.Be3 Bb7 10.Be2 Be7 11.O-O Ne5 12.f4 Ned7 13.Bf3 O-O 14.Qe2 h6 15.Rad1 Qc7
16.g4 Nh7 17.Qg2 g5 18.Qh3 Kg7 19.Ne2 Ndf6 20.Ng3 gxf4 21.Bxf4 Qc5+ 22.Rf2 Ng5
23.Bxg5 hxg5 24.e5 Bxf3 25.exf6+ Bxf6 26.Nh5+ Kg6 27.Nxf6 Kxf6 28.Qxf3+ Ke7
29.Qb7+  1-0

[Event "6th Gora Sw Anny OpA"]
[Site "Gora Swietej Anny POL"]
[Date "2013.01.26"]
[Round "1.7"]
[White "Nurkiewicz,M"]
[Black "Kuciel,W"]
[Result "1-0"]
[WhiteElo "2395"]
[BlackElo "2036"]

1.e4 c5 2.Nf3 Nc6 3.d4 cxd4 4.Nxd4 e6 5.Nb5 d6 6.c4 a6 7.N5c3 Nf6 8.Be2 Be7
9.Be3 O-O 10.O-O b6 11.f4 Bb7 12.Bf3 Qc7 13.Nd2 Rac8 14.Rc1 Nd7 15.Nd5 exd5
16.cxd5 Nc5 17.dxc6 Bxc6 18.b4 Nd3 19.Rc3 Nb2 20.Qa1 Na4 21.Rc2 Qb8 22.Bd4 Bb5
23.Rfc1 Bd3 24.Rxc8 Rxc8 25.Bg4 Rxc1+ 26.Qxc1 d5 27.Be5 Qe8 28.exd5 Bxb4
29.Qc6 Bb5 30.Qc2 Nc5 31.Ne4 Bd3 32.Qb2 a5 33.Nxc5 Bxc5+ 34.Kh1 Bc4 35.Qd2 Bb4
36.Qd4 Qb5 37.d6 Bd5 38.Qd1 Qc6 39.Bf3 Bxf3 40.gxf3 Qd7 41.Qd5 h6 42.f5 Kh7
43.f6 gxf6 44.Bxf6 Kg6 45.Be5 Qh3  1-0

[Event "18th HIT Open A 2013"]
[Site "Nova Gorica SLO"]
[Date "2013.01.28"]
[Round "6.11"]
[White "Budihna,K"]
[Black "Tonon,A"]
[Result "0-1"]
[WhiteElo "2057"]
[BlackElo "2260"]

1.e4 c5 2.Nf3 e6 3.d4 cxd4 4.Nxd4 Nc6 5.Nb5 d6 6.Bf4 e5 7.Be3 a6 8.N5a3 Nf6
9.Nc3 b5 10.Nd5 Nxd5 11.exd5 Ne7 12.c4 b4 13.Qa4+ Bd7 14.Qxb4 Nf5 15.Qd2 Be7
16.Be2 Rb8 17.O-O O-O 18.b3 Nxe3 19.fxe3 Qb6 20.Kh1 Bg5 21.Nc2 f5 22.Qd3 Rf6
23.e4 Rbf8 24.b4 fxe4  0-1

[Event "Moscow Open B 2013"]
[Site "Moscow RUS"]
[Date "2013.02.02"]
[Round "1.8"]
[White "Manakova,M"]
[Black "Asgarova,T"]
[Result "1-0"]
[WhiteElo "2347"]
[BlackElo "1969"]

1.e4 c5 2.Nf3 e6 3.d4 cxd4 4.Nxd4 Nc6 5.Nb5 d6 6.c4 Nf6 7.N1c3 a6 8.Na3 Be7
9.Be2 O-O 10.O-O b6 11.Be3 Bb7 12.Qb3 Nd7 13.Rad1 Rb8 14.Qc2 Rc8 15.Qd2 Qc7
16.Rb1 Nf6 17.Rfc1 Ne5 18.f3 Ba8 19.Na4 Ned7 20.Nc2 Qb7 21.Nd4 Rfe8 22.Bf2 d5
23.cxd5 exd5 24.Rxc8 Rxc8 25.Nf5 Bf8 26.e5 Nxe5 27.Nxb6 Re8 28.Rc1 Ned7 29.Nxa8 Rxa8
30.Bd4 Rc8 31.Rxc8 Qxc8 32.Qc3 Qb7 33.Qa5 Qc6 34.Qxa6 Qc1+ 35.Bf1 g6 36.Ng3 Qf4
37.Ne2 Qg5 38.Qc8 Ne5 39.Ng3 h5 40.Qc3 Bd6 41.Qe3 Qxe3+ 42.Bxe3 h4 43.Ne2 h3
44.a4 Nfd7 45.f4 Nc4 46.Bd4 Nd2 47.g3 Nf3+ 48.Kf2 Nxd4 49.Nxd4 Nc5 50.a5 Ne4+
51.Ke2 Bc5 52.Nc6 Nd6 53.b4 Bg1 54.Kf3 Nc4 55.Bxc4 dxc4 56.a6 c3 57.Ke2 c2
58.Kd2  1-0

[Event "Moscow Open B 2013"]
[Site "Moscow RUS"]
[Date "2013.02.03"]
[Round "2.2"]
[White "Belova,O"]
[Black "Ovod,E"]
[Result "0-1"]
[WhiteElo "2125"]
[BlackElo "2361"]

1.e4 c5 2.Nf3 e6 3.d4 cxd4 4.Nxd4 Nc6 5.Nb5 d6 6.Bf4 e5 7.Be3 Be7 8.Nd2 Nf6
9.Bg5 a6 10.Nc3 Be6 11.Bxf6 Bxf6 12.Nc4 Nd4 13.Ne3 Rc8 14.Bd3 Bg5 15.O-O Bxe3
16.fxe3 Nc6 17.Nd5 Ne7 18.Qf3 O-O 19.Kh1 Bxd5 20.exd5 f5 21.e4 f4 22.c4 Kh8
23.Be2 Ng8 24.b4 Nf6 25.Rac1 a5 26.a3 axb4 27.axb4 Qb6 28.Qd3 Qxb4 29.Rb1 Qc5
30.Rb3 Qc7 31.Qb1 Rb8 32.g3 fxg3 33.Rxg3 Nd7 34.Rfg1 Nc5 35.Bg4 g6 36.Bh3 Rf4
37.Bg2 Rbf8 38.Qc1 Qg7 39.Qe3 Qf6 40.Rb1 Qh4 41.Rb6 Nxe4 42.Bxe4 Rxe4 43.Rh3 Qg4  0-1

[Event "ch-CHI Final 2013"]
[Site "Iquique CHI"]
[Date "2013.02.18"]
[Round "7.6"]
[White "Salinas Herrera,P"]
[Black "Torres Bravo,C"]
[Result "1/2-1/2"]
[WhiteElo "2386"]
[BlackElo "2314"]

1.e4 c5 2.Nf3 e6 3.d4 cxd4 4.Nxd4 Nc6 5.Nb5 d6 6.c4 Nf6 7.N1c3 a6 8.Na3 d5
9.exd5 exd5 10.cxd5 Nb4 11.Be2 Nbxd5 12.O-O Be6 13.Nxd5 Bxd5 14.Nc4 Rc8 15.b3 Be7
16.Be3 O-O 17.Bb6 Qd7 18.Qd4 Rfe8 19.Ne3 Bc6 20.Qb2 Qe6 21.Bc4 Qe4 22.f3 Qg6
23.Rad1 Bd8 24.Bd4 Bc7 25.g3 Qh5 26.g4 Qh3 27.Qg2 Qxg2+ 28.Nxg2  1/2-1/2

[Event "UTD Turner GM Invitational 2013"]
[Site "Richardson USA"]
[Date "2013.03.09"]
[Round "2"]
[White "Perez de Aranda A.,LI"]
[Black "Calugar,A"]
[Result "1/2-1/2"]
[WhiteElo "2109"]
[BlackElo "2299"]

1.e4 c5 2.Nf3 e6 3.d4 cxd4 4.Nxd4 Nc6 5.Nb5 d6 6.c4 Nf6 7.N1c3 a6 8.Na3 b6
9.Be2 Bb7 10.O-O Be7 11.Be3 O-O 12.Rc1 Ne5 13.f3 d5 14.cxd5 exd5 15.Nxd5 Nxd5
16.exd5 Bxd5 17.Qd4 Bf6 18.Qxb6 Qxb6 19.Bxb6 Rfb8 20.Bc7 Rxb2 21.Bxa6 Ng4
22.Bg3 Ne3 23.Rf2 Nf5 24.Nb5 h5 25.Rxb2 Bxb2 26.Rc8+ Rxc8 27.Bxc8 Nxg3 28.hxg3 Bxa2
29.Kf2 Bc4 30.Bd7 Kf8 31.f4 Bd5 32.Nc7 Bd4+ 33.Kf1 Bc4+ 34.Ke1 Bb6 35.Bb5 Bb3
36.Na6 Ke7 37.Kf1 Kd6 38.Be2 g6 39.Nb4 Kc5 40.Nd3+ Kd4 41.Ne5 Bc7 42.Nf3+ Ke3
43.Bb5 Bd8 44.Be8 Bf6 45.Bb5 Bd5 46.Ne1 h4 47.Nc2+ Kd2 48.Nb4 Be6 49.Kf2 Bd4+
50.Kf3 hxg3 51.Kxg3 Bc3 52.Nc6 Bd5 53.Ne7 Bb3 54.Be8 Ke3 55.Nxg6 fxg6 56.Bxg6 Bd1
57.f5 Be5+ 58.Kh4 Bf6+ 59.Kg3 Be2 60.Be8 Be5+ 61.Kh4 Kf4 62.g3+ Kxf5 63.Bd7+ Kf6
64.Bg4 Bf1 65.Bd1 Bd3 66.g4 Bf4 67.g5+ Bxg5+ 68.Kg4 Bf5+ 69.Kf3 Ke5 70.Ba4 Be4+
71.Kg4 Bf4 72.Bd7 Bd5 73.Bc8 Bc6 74.Ba6 Bd7+ 75.Kf3 Bc6+  1/2-1/2

[Event "TCh-FIN SM 2012-13"]
[Site "Helsinki FIN"]
[Date "2013.03.10"]
[Round "14.5"]
[White "Westerinen,H"]
[Black "Kanko,I"]
[Result "1-0"]
[WhiteElo "2332"]
[BlackElo "2228"]

1.e4 c5 2.Nf3 e6 3.d4 cxd4 4.Nxd4 Nc6 5.Nb5 d6 6.Bf4 e5 7.Be3 Nf6 8.f3 a6
9.N5c3 Be7 10.Bc4 O-O 11.O-O b5 12.Bb3 Na5 13.Nd5 Nxb3 14.Nxe7+ Qxe7 15.axb3 Be6
16.Bg5 d5 17.Kh1 Rfd8 18.Qe2 h6 19.Bh4 g5 20.Bg3 Nd7 21.exd5 Bxd5 22.c4 Bc6
23.Re1 Nc5 24.Qc2 Nd3 25.Re3 Qd7 26.Nc3 Qd4 27.Nd5 Bxd5 28.Rxd3 Be4 29.Rxd4 Bxc2
30.Bxe5 Bxb3 31.c5 Rxd4 32.Bxd4 Bd5 33.Bc3 Bc6 34.Kg1 Kh7 35.Kf2 Kg6 36.h3 Bb7
37.Re1 Rc8 38.Re7 Bd5 39.Ke3 Bc6 40.b4 Bd5 41.Rd7 Re8+ 42.Kd4 Bc4 43.Rd6+ Kh7
44.c6 Bf1 45.g4 Rc8 46.Kc5 Bxh3 47.Rf6 h5 48.Rxf7+ Kg6 49.Rf6+ Kh7 50.gxh5 g4
51.fxg4 Bxg4 52.h6 Bh3 53.Kb6  1-0

[Event "UTD Turner GM Invitational 2013"]
[Site "Richardson USA"]
[Date "2013.03.10"]
[Round "3"]
[White "Salazar,Au"]
[Black "He,To"]
[Result "1-0"]
[WhiteElo "2202"]
[BlackElo "2055"]

1.e4 c5 2.Nf3 e6 3.d4 cxd4 4.Nxd4 Nc6 5.Nb5 Nf6 6.N1c3 d6 7.Bf4 e5 8.Bg5 a6
9.Na3 b5 10.Nd5 Be7 11.Bxf6 Bxf6 12.c4 b4 13.Nc2 a5 14.g3 O-O 15.h4 Rb8 16.b3 g6
17.Bh3 Bg7 18.h5 f5 19.hxg6 hxg6 20.exf5 gxf5 21.Qh5 e4 22.Bf1 Ne5 23.Be2 Be6
24.Qh7+  1-0

[Event "UTD Turner GM Invitational 2013"]
[Site "Richardson USA"]
[Date "2013.03.11"]
[Round "7"]
[White "Flores Rios,M"]
[Black "He,To"]
[Result "1/2-1/2"]
[WhiteElo "2481"]
[BlackElo "2055"]

1.e4 c5 2.Nf3 e6 3.d4 cxd4 4.Nxd4 Nc6 5.Nb5 Nf6 6.N1c3 Bb4 7.a3 Bxc3+ 8.Nxc3 d5
9.exd5 exd5 10.Bd3 O-O 11.O-O d4 12.Ne2 Bg4 13.Bg5 Qd6 14.Qd2 Rfe8 15.f3 Bh5
16.Nf4 Bg6 17.Nxg6 hxg6 18.Rfd1 a6 19.Bh4 Rad8 20.Bf2 Qc5 21.Bf1 Nd5 22.c3 Ne3
23.b4 Qa7 24.Re1 Nxf1 25.Kxf1 Rxe1+ 26.Rxe1 Qb8 27.Bg3 dxc3 28.Qxc3 Qc8 29.Bh4 Re8
30.Rc1 Qe6 31.Bf2 Qa2 32.Re1 Rxe1+ 33.Kxe1 f6 34.Kf1  1/2-1/2

[Event "13th European Seniors"]
[Site "Plovdiv BUL"]
[Date "2013.03.16"]
[Round "6"]
[White "Lederman,L"]
[Black "Batakovs,O"]
[Result "1-0"]
[WhiteElo "2243"]
[BlackElo "2123"]

1.e4 c5 2.Nf3 e6 3.d4 cxd4 4.Nxd4 Nc6 5.Nb5 Nf6 6.N1c3 Bb4 7.a3 Bxc3+ 8.Nxc3 d5
9.exd5 exd5 10.Bd3 O-O 11.O-O d4 12.Ne2 Qb6 13.Rb1 h6 14.b4 Bg4 15.h3 Bxe2
16.Qxe2 Rfe8 17.Qd2 Rad8 18.Bb2 Rd7 19.Rfe1 Rxe1+ 20.Rxe1 a6 21.Qf4 Qd8 22.g4 Nd5
23.Qf3 Nf6 24.Kg2 Re7 25.Rxe7 Qxe7 26.Qf5 Qe6 27.Qxe6 fxe6 28.f4 Kf7 29.Kf3 g5
30.b5 axb5 31.Bxb5 gxf4 32.Bxc6 bxc6 33.Bxd4 Nd5 34.c4  1-0